000 00494nam a2200181 a 4500
005 20240808063827.0
008 991125s1960 cu 000 0 spa u
035 _aUPN01000018905
049 _aCG
050 4 _aQK45
_bC4.3 1960
100 1 _aCastellanos y Rodiles, Isidoro
245 1 0 _aElementos de botánica /
_cpor Isidoro Castellanos y Rodiles.
250 _a5a ed.
260 _aLa Habana :
_bMinerva,
_c1960.
300 _a293 p. :
_bil.
650 4 _aBotánica
_9764
905 _aLibro
999 _c18905
_d18905